MARC

LEADER 00000nam0a2200000 4500
001 269675
005 20231101234257.0
035 |a (RuTPU)RU\TPU\book\292852 
090 |a 269675 
100 |a 20140922d1986 k y0rusy50 ca 
101 0 |a rus 
102 |a RU 
105 |a a z 001zy 
200 1 |a Получение и анализ чистых веществ  |e межвузовский сборник научных трудов  |f Горьковский государственный университет им. Н. И. Лобачевского (ГГУ) ; под ред. А. Д. Зорина 
210 |a Горький  |c Изд-во ГГУ  |d 1986 
215 |a 120 с.  |c ил. 
320 |a Библиография в конце статей 
606 1 |a Химические вещества, чистые  |2 stltpush  |3 (RuTPU)RU\TPU\subj\70570  |9 84789 
610 1 |a примеси 
610 1 |a термическое разложение 
610 1 |a исследование 
610 1 |a очистка 
610 1 |a газовые взвеси 
610 1 |a полупроводниковые материалы 
610 1 |a кристаллизация 
610 1 |a осаждение 
610 1 |a кинетика 
610 1 |a спектральный анализ 
610 1 |a чистые газы 
675 |a 54-4  |v 4 
702 1 |a Зорин  |b А. Д.  |4 340 
712 0 2 |a Горьковский государственный университет им. Н. И. Лобачевского (ГГУ)  |2 stltpush  |3 (RuTPU)RU\TPU\col\2603 
801 1 |a RU  |b 63413507  |c 20140922 
801 2 |a RU  |b 63413507  |c 20170301  |g RCR 
942 |c BK